| 000 | 00457nam a22001697a 4500 | ||
|---|---|---|---|
| 005 | 20230117102941.0 | ||
| 008 | 220215b ||||| |||| 00| 0 eng d | ||
| 020 | _a9788188449903 | ||
| 041 | _aeng | ||
| 082 | _a615.1 | ||
| 100 |
_aBROTHARA, SUNIL , B _97093 |
||
| 245 | _aESSENTIALS OF EXPERIMENTAL PHARMACOLOGY: GENERAL CONCEPTS[VOL-1] | ||
| 260 |
_aHYDERABAD _bPHARMA MED PRESS |
||
| 300 | _a217;P. | ||
| 650 |
_aPHARMACY _xB.PHARMA _97083 |
||
| 942 | _cBK | ||
| 999 |
_c7929 _d7927 |
||